[Event "Berlin Spandau op"]
[Site "Berlin"]
[Date "2018.12.29"]
[Round "5"]
[White "Reyer, Ulli"]
[Black "Bolon, Karelle"]
[Result "1-0"]
[WhiteElo "2161"]
[BlackElo "2038"]
[PlyCount "107"]
[EventDate "2018.12.27"]
[EventType "swiss"]
[EventRounds "7"]
[EventCountry "GER"]
[SourceTitle "OM OTB B 201907"]
[Source "Opening Master"]
[SourceDate "2019.07.06"]
[SourceVersion "2"]
[SourceVersionDate "2019.07.06"]
[SourceQuality "1"]

1. e4 e5 2. Nf3 d5 3. Nxe5 Bd6 4. d4 dxe4 5. Nc3 Nf6 6. Bg5 h6 7. Bh4 g5 8. Bg3
Qe7 9. Bc4 Be6 10. Bxe6 Qxe6 11. Qe2 c6 12. O-O-O Nbd7 13. Nxd7 Kxd7 14. d5
Nxd5 15. Nxd5 cxd5 16. Qb5+ Ke7 17. Qxb7+ Kf6 18. Bxd6 Qxd6 19. Qxd5 Qf4+ 20.
Qd2 Rad8 21. Qe3 Qxe3+ 22. fxe3 Ke5 23. Rxd8 Rxd8 24. Rd1 Ra8 25. c4 f5 26. g3
h5 27. Rd5+ Ke6 28. Kd2 h4 29. Kc3 hxg3 30. hxg3 Rh8 31. Kd4 Rh2 32. g4 Rd2+
33. Kc5 Rxb2 34. Rxf5 Rxa2 35. Kd4 Rg2 36. Rxg5 Kf6 37. Rf5+ Ke6 38. Re5+ Kd6
39. Rd5+ Kc6 40. g5 Rg4 41. Rf5 Kb6 42. Rf6+ Ka5 43. g6 Kb4 44. Ra6 Rg5 45.
Kxe4 Kxc4 46. Kf4 Rg1 47. Kf5 Kd3 48. Rxa7 Kxe3 49. g7 Rf1+ 50. Ke6 Rg1 51. Kf7
Rf1+ 52. Ke8 Rg1 53. Kf8 Rf1+ 54. Rf7 1-0

[Event "Rilton Cup 48th"]
[Site "Stockholm"]
[Date "2018.12.29"]
[Round "3"]
[White "Sawatzki, Frank"]
[Black "Babikov, Ivan"]
[Result "1-0"]
[WhiteElo "2392"]
[BlackElo "2268"]
[PlyCount "45"]
[EventDate "2018.12.27"]
[EventType "swiss"]
[EventRounds "9"]
[EventCountry "SWE"]
[SourceTitle "OM OTB B 201907"]
[Source "Opening Master"]
[SourceDate "2019.07.06"]
[SourceVersion "2"]
[SourceVersionDate "2019.07.06"]
[SourceQuality "1"]

1. e4 e5 2. Nf3 d5 3. exd5 e4 4. Qe2 Nf6 5. Nc3 Be7 6. Nxe4 O-O 7. Nxf6+ Bxf6
8. d4 Qxd5 9. c3 Nc6 10. Qb5 Re8+ 11. Be3 Qd6 12. Be2 a6 13. Qd3 Ne7 14. O-O
Nd5 15. Rae1 Nxe3 16. fxe3 Qe6 17. Qb1 Qxe3+ 18. Kh1 Qh6 19. Bxa6 Rf8 20. Bc4
Ra5 21. b4 Rh5 22. Bxf7+ Kxf7 23. Ne5+ 1-0

[Event "Hamburg HSK Christmas op 4th"]
[Site "Hamburg"]
[Date "2018.12.28"]
[Round "4"]
[White "Koop, Soeren"]
[Black "Schulz, Hans Juergen"]
[Result "1-0"]
[WhiteElo "2096"]
[BlackElo "1827"]
[PlyCount "35"]
[EventDate "2018.12.27"]
[EventType "swiss"]
[EventRounds "7"]
[EventCountry "GER"]
[SourceTitle "OM OTB B 201907"]
[Source "Opening Master"]
[SourceDate "2019.07.06"]
[SourceVersion "2"]
[SourceVersionDate "2019.07.06"]
[SourceQuality "1"]

1. e4 e5 2. Nf3 d5 3. exd5 e4 4. Qe2 Qe7 5. Nd4 Qe5 6. Nb5 Na6 7. d4 Qf5 8.
N1c3 Nf6 9. f3 Bb4 10. Bd2 O-O 11. fxe4 Qg6 12. Qd3 c6 13. dxc6 bxc6 14. e5 Bf5
15. Qg3 Ng4 16. Nd6 Bxd6 17. Bxa6 Nxe5 18. dxe5 1-0

[Event "Zadar op-B 25th"]
[Site "Zadar"]
[Date "2018.12.15"]
[Round "1"]
[White "Brkic, Ivica"]
[Black "Mileusnic, Slobodan"]
[Result "1-0"]
[WhiteElo "2117"]
[BlackElo "1757"]
[PlyCount "69"]
[EventDate "2018.12.15"]
[EventType "swiss"]
[EventRounds "9"]
[EventCountry "CRO"]
[SourceTitle "OM OTB B 201907"]
[Source "Opening Master"]
[SourceDate "2019.07.06"]
[SourceVersion "2"]
[SourceVersionDate "2019.07.06"]
[SourceQuality "1"]

1. e4 e5 2. Nf3 d5 3. exd5 e4 4. Qe2 Nf6 5. Nc3 Be7 6. Nxe4 Nxd5 7. d3 O-O 8.
Qd1 f5 9. Ng3 Bb4+ 10. c3 Re8+ 11. Be2 Bd6 12. O-O Bf4 13. Re1 Nc6 14. Bf1 Be6
15. d4 Bxc1 16. Qxc1 Qf6 17. c4 Qg6 18. cxd5 Bxd5 19. Rxe8+ Rxe8 20. Nh4 Qg4
21. Nhxf5 Be6 22. h3 Qg6 23. Bc4 Qf7 24. Qg5 Kh8 25. Bxe6 Rxe6 26. d5 Rg6 27.
Qd2 Ne5 28. Re1 Nf3+ 29. gxf3 h5 30. Qf4 Rf6 31. Qe5 g6 32. Qe8+ Qxe8 33. Rxe8+
Kh7 34. Nd4 Rd6 35. Ne4 1-0

[Event "Mecklenburg VP Seniors op 18th"]
[Site "Binz"]
[Date "2018.11.29"]
[Round "2"]
[White "Fleischer, Martin"]
[Black "Walther, Reinhard"]
[Result "0-1"]
[WhiteElo "1908"]
[BlackElo "2034"]
[PlyCount "71"]
[EventDate "2018.11.28"]
[EventType "swiss"]
[EventRounds "9"]
[EventCountry "GER"]
[SourceTitle "OM OTB B 201907"]
[Source "Opening Master"]
[SourceDate "2019.07.06"]
[SourceVersion "2"]
[SourceVersionDate "2019.07.06"]
[SourceQuality "1"]

1. e4 e5 2. Nf3 d5 3. d4 dxe4 4. Nxe5 Bd6 5. Nc4 Nf6 6. Be2 O-O 7. Be3 Nd5 8.
Bd2 Nf4 9. Bf1 Nc6 10. Be3 Nd5 11. c3 Nxe3 12. Nxe3 f5 13. g3 Qf6 14. Nd2 a6
15. Bg2 Ne7 16. O-O Be6 17. Nec4 Rad8 18. f3 exf3 19. Bxf3 b5 20. Nxd6 Rxd6 21.
Bg2 Qh6 22. Nf3 Nd5 23. Qd2 f4 24. Ne5 g5 25. gxf4 gxf4 26. Rf2 Ne3 27. Bf3 Kh8
28. Kh1 c5 29. b3 cxd4 30. cxd4 Rfd8 31. Nc6 Rf8 32. Qb4 Bd5 33. Bxd5 Nxd5 34.
Qc5 Rc8 35. Rc1 Rcxc6 36. Qa3 0-1

[Event "Reykjavik Taflfelag op"]
[Site "Reykjavik"]
[Date "2018.11.21"]
[Round "6"]
[White "Vignisson, Ingvar Egill"]
[Black "Fridthofsson, Sigurjon Thor"]
[Result "0-1"]
[WhiteElo "1647"]
[BlackElo "1599"]
[PlyCount "132"]
[EventDate "2018.10.17"]
[EventType "swiss"]
[EventRounds "7"]
[EventCountry "ISL"]
[SourceTitle "OM OTB B 201907"]
[Source "Opening Master"]
[SourceDate "2019.07.06"]
[SourceVersion "2"]
[SourceVersionDate "2019.07.06"]
[SourceQuality "1"]

1. e4 e5 2. Nf3 d5 3. exd5 Bd6 4. Bb5+ Nd7 5. d4 e4 6. Ng5 Ngf6 7. O-O O-O 8.
Re1 Re8 9. Nc3 Bb4 10. Bd2 Bxc3 11. Bxc3 h6 12. Nh3 Nxd5 13. Bd2 c6 14. Bf1
N7f6 15. Nf4 Ng4 16. h3 Qd6 17. g3 Ngf6 18. c4 Ne7 19. Bc3 Nf5 20. d5 Nh4 21.
Bg2 Nxg2 22. Kxg2 Bf5 23. Qd2 a5 24. Rad1 b6 25. Qe3 g5 26. dxc6 Qxc6 27. Nd5
Nxd5 28. cxd5 Qd6 29. Qd4 f6 30. Qxf6 Qxf6 31. Bxf6 Kf7 32. Bc3 Rad8 33. g4 Bc8
34. Rd4 Bb7 35. Red1 Re5 36. d6 e3+ 37. Kg3 e2 38. Rc1 Rd5 39. Rxd5 Bxd5 40.
Re1 Bc4 41. b3 Ba6 42. Be5 Ke6 43. f4 Rc8 44. h4 gxf4+ 45. Bxf4 Rc3+ 46. Kh2
Rd3 47. Bg3 Rd4 48. g5 hxg5 49. hxg5 Kf5 50. Bf2 Rxd6 51. Kh3 Kxg5 52. Rg1+ Kf5
53. Be1 Rh6+ 54. Bh4 Ke4 55. Re1 Kd3 56. Rg1 Kd2 57. Kg4 Rxh4+ 58. Kxh4 e1=Q+
59. Rxe1 Kxe1 60. Kg4 Kd1 61. Kf4 Kc2 62. Ke4 Kb2 63. Kd4 Kxa2 64. Kc3 Bc8 65.
b4 axb4+ 66. Kxb4 Bd7 0-1

[Event "Hamburg-ch Seniors 65+"]
[Site "Hamburg"]
[Date "2018.11.02"]
[Round "3"]
[White "Schmeichel, Wolfgang"]
[Black "Schulz, Hans Juergen"]
[Result "0-1"]
[WhiteElo "1655"]
[BlackElo "1794"]
[PlyCount "82"]
[EventDate "2018.10.31"]
[EventType "swiss"]
[EventRounds "9"]
[EventCountry "GER"]
[SourceTitle "OM OTB B 201907"]
[Source "Opening Master"]
[SourceDate "2019.07.06"]
[SourceVersion "2"]
[SourceVersionDate "2019.07.06"]
[SourceQuality "1"]

1. e4 e5 2. Nf3 d5 3. exd5 e4 4. Bb5+ c6 5. dxc6 bxc6 6. Qe2 Qe7 7. Nd4 cxb5 8.
Qxb5+ Nd7 9. O-O Rb8 10. Qe2 Bb7 11. Nb5 Qe5 12. d4 Qe7 13. Bf4 Qf6 14. Bxb8
Nxb8 15. d5 Qe5 16. N1c3 f5 17. Qc4 Na6 18. Qd4 Qxd4 19. Nxd4 g6 20. Ne6 Nf6
21. Nxf8 Rxf8 22. Rfd1 Nb4 23. d6 Kd7 24. a3 Nc6 25. Na4 Ne5 26. Nc5+ Kc6 27.
Nxb7 Kxb7 28. c4 Nd3 29. b4 Ng4 30. Rd2 Nge5 31. c5 Kc6 32. Rad1 Re8 33. f3 a6
34. fxe4 fxe4 35. Re2 Kd5 36. Red2 Kd4 37. Rf2 e3 38. Rf4+ Kc3 39. c6 Nxf4 40.
d7 e2 41. Re1 Rf8 0-1

[Event "Belgrade-chTB Quality"]
[Site "Belgrade"]
[Date "2018.10.27"]
[Round "9.5"]
[White "Keserovic, Milan"]
[Black "Savkic, Igor"]
[Result "1-0"]
[WhiteElo "2156"]
[BlackElo "2015"]
[PlyCount "105"]
[EventDate "2018.09.29"]
[EventType "team"]
[EventRounds "11"]
[EventCountry "SRB"]
[SourceTitle "OM OTB B 201907"]
[Source "Opening Master"]
[SourceDate "2019.07.06"]
[SourceVersion "2"]
[SourceVersionDate "2019.07.06"]
[SourceQuality "1"]
[WhiteTeam "Belgrade Romanticari"]
[BlackTeam "Belgrade BA"]
[WhiteTeamCountry "SRB"]
[BlackTeamCountry "SRB"]

1. e4 e5 2. Nf3 d5 3. d4 dxe4 4. Nxe5 Bd6 5. Bf4 Nf6 6. Nc3 O-O 7. Be2 Nc6 8.
O-O Re8 9. Nxc6 bxc6 10. Bg5 h6 11. Bh4 Rb8 12. Rb1 Rb4 13. Kh1 g5 14. a3 Rb8
15. Bg3 Bxg3 16. hxg3 Kg7 17. Qd2 Bf5 18. Nd1 c5 19. Ne3 Bg6 20. d5 Qd6 21.
Rfd1 Rbd8 22. c4 h5 23. b4 h4 24. bxc5 Qxc5 25. gxh4 Rh8 26. g3 Nh5 27. Qd4+
Qxd4 28. Rxd4 gxh4 29. Kg2 f5 30. Rb7 f4 31. Rxc7+ Kf6 32. Ng4+ Kf5 33. d6 Rh7
34. Rd5+ Ke6 35. Rxh7 f3+ 36. Bxf3 exf3+ 37. Kxf3 Bxh7 38. Rxh5 Bc2 39. gxh4
Rf8+ 40. Ke3 Kxd6 41. Rd5+ Kc7 42. f4 Bf5 43. Ne5 Be6 44. Rc5+ Kb7 45. Rc6 Bh3
46. h5 Rh8 47. h6 Rh7 48. Rg6 Kb8 49. Rg8+ Bc8 50. Nc6+ Kc7 51. Rg7+ Rxg7 52.
hxg7 Be6 53. Ne7 1-0

[Event "BAN Walton 1st League"]
[Site "Dhaka"]
[Date "2018.10.25"]
[Round "1.2"]
[White "Nasiruddin, Apu"]
[Black "Mohammad Salman, Munshi"]
[Result "1-0"]
[WhiteElo "1860"]
[BlackElo "1668"]
[PlyCount "103"]
[EventDate "2018.10.25"]
[EventType "team-tourn"]
[EventRounds "11"]
[EventCountry "BAN"]
[SourceTitle "OM OTB B 201907"]
[Source "Opening Master"]
[SourceDate "2019.07.06"]
[SourceVersion "2"]
[SourceVersionDate "2019.07.06"]
[SourceQuality "1"]
[WhiteTeam "Debdas Biswas Smirity Sangsad"]
[BlackTeam "Legend Faraz Ayaiz"]
[WhiteTeamCountry "BAN"]
[BlackTeamCountry "BAN"]

1. e4 e5 2. Nf3 d5 3. Nc3 d4 4. Ne2 Bd6 5. Ng3 Be6 6. c3 c5 7. Bb5+ Nd7 8. O-O
a6 9. Bxd7+ Bxd7 10. d3 h5 11. cxd4 cxd4 12. Qb3 b5 13. Qd5 Be6 14. Qc6+ Kf8
15. Ng5 Ne7 16. Qc2 Rc8 17. Nxe6+ fxe6 18. Qb3 Qd7 19. f4 Ke8 20. f5 exf5 21.
Nxf5 Nxf5 22. Rxf5 Rf8 23. Rxf8+ Bxf8 24. Bg5 Qf7 25. Qd1 Qg6 26. Qd2 Bb4 27.
Qxb4 Qxg5 28. Rf1 Qe3+ 29. Kh1 Rc1 30. Qf8+ Kd7 31. Qxg7+ Kc6 32. Qf6+ Kb7 33.
Qe7+ Kc8 34. Qe6+ Kb7 35. Qd5+ Kb6 36. Qd8+ Kb7 37. Qd5+ Kb6 38. Qe6+ Rc6 39.
Qb3 Qe2 40. Kg1 Rg6 41. Rf2 Qe1+ 42. Rf1 Qe3+ 43. Kh1 Qe2 44. Rg1 h4 45. Qd5
Rxg2 46. Qd8+ Kb7 47. Qd7+ Kb8 48. Qe8+ Kb7 49. Qf7+ Kb6 50. Rxg2 Qd1+ 51. Rg1
Qxd3 52. Qf5 1-0

[Event "Belgrade-chTB Quality"]
[Site "Belgrade"]
[Date "2018.10.21"]
[Round "8.4"]
[White "Mijatovic, Dusan"]
[Black "Savkic, Igor"]
[Result "1-0"]
[WhiteElo "2134"]
[BlackElo "2015"]
[PlyCount "63"]
[EventDate "2018.09.29"]
[EventType "team"]
[EventRounds "11"]
[EventCountry "SRB"]
[SourceTitle "OM OTB B 201907"]
[Source "Opening Master"]
[SourceDate "2019.07.06"]
[SourceVersion "2"]
[SourceVersionDate "2019.07.06"]
[SourceQuality "1"]
[WhiteTeam "Belgrade EDB"]
[BlackTeam "Belgrade BA"]
[WhiteTeamCountry "SRB"]
[BlackTeamCountry "SRB"]

1. e4 e5 2. Nf3 d5 3. exd5 e4 4. Qe2 Nf6 5. d3 Qxd5 6. Nbd2 Nc6 7. dxe4 Qh5 8.
Qb5 Qg6 9. Ne5 a6 10. Nxg6 axb5 11. Nxh8 b4 12. Bc4 Be6 13. Bxe6 fxe6 14. Nb3
Nxe4 15. O-O Nf6 16. Re1 Nd8 17. Be3 Bd6 18. Bc5 Ke7 19. a3 bxa3 20. Rxa3 Rc8
21. Ra7 Nd7 22. Bxd6+ cxd6 23. Nd4 Kf6 24. Ra3 Ne5 25. Rh3 h6 26. f4 Nd7 27.
Rg3 Nf8 28. c3 g6 29. f5 g5 30. fxe6 Rc7 31. e7 Rxe7 32. Rf3+ 1-0

[Event "COL-ch U26 (Women)"]
[Site "Medellin"]
[Date "2018.10.20"]
[Round "5"]
[White "Ocampo, Cristina"]
[Black "Palacios Gallo, Yesica Alejandra"]
[Result "1-0"]
[WhiteElo "1753"]
[BlackElo "1492"]
[PlyCount "55"]
[EventDate "2018.10.18"]
[EventType "swiss"]
[EventRounds "6"]
[EventCountry "COL"]
[SourceTitle "OM OTB B 201907"]
[Source "Opening Master"]
[SourceDate "2019.07.06"]
[SourceVersion "2"]
[SourceVersionDate "2019.07.06"]
[SourceQuality "1"]

1. e4 e5 2. Nf3 d5 3. d4 dxe4 4. Nxe5 Bd6 5. Bf4 Nf6 6. Bc4 O-O 7. O-O Qe7 8.
Nc3 a6 9. a4 Ng4 10. Nd5 Qh4 11. Bg3 Qg5 12. h4 Qh5 13. Be2 f5 14. Nxg4 fxg4
15. Bxd6 Qxd5 16. Bxf8 Kxf8 17. Bxg4 Nc6 18. c3 Bxg4 19. Qxg4 Re8 20. Rfe1 Re6
21. Re3 h5 22. Qf4+ Rf6 23. Qxe4 Qf7 24. Rae1 Kg8 25. Qd3 Rf5 26. Re8+ Kh7 27.
R1e6 Na5 28. Re5 1-0

[Event "Moia op 7th"]
[Site "Moia"]
[Date "2018.10.19"]
[Round "5"]
[White "Urena Casacuberta, Lluis"]
[Black "Presseguer Casanovas, Josep Maria"]
[Result "1/2-1/2"]
[WhiteElo "1903"]
[BlackElo "1940"]
[PlyCount "91"]
[EventDate "2018.09.14"]
[EventType "swiss"]
[EventRounds "8"]
[EventCountry "ESP"]
[SourceTitle "OM OTB B 201907"]
[Source "Opening Master"]
[SourceDate "2019.07.06"]
[SourceVersion "2"]
[SourceVersionDate "2019.07.06"]
[SourceQuality "1"]

1. e4 e5 2. Nf3 d5 3. exd5 e4 4. Qe2 Nf6 5. Nc3 Be7 6. Nxe4 O-O 7. Nxf6+ Bxf6
8. d4 Bg4 9. c3 Re8 10. Be3 Qxd5 11. Qb5 Qd8 12. Qxb7 Nd7 13. b3 c5 14. Be2 Qa5
15. O-O Qxc3 16. h3 cxd4 17. Bd2 Bxf3 18. Bxf3 Qxd2 19. Qxd7 Re7 20. Qxe7 Bxe7
21. Bxa8 g6 22. Bd5 Bc5 23. a4 d3 24. Bc4 Qc3 25. Rac1 Qd4 26. Bxd3 Qxd3 27.
Rxc5 Qxb3 28. a5 Qa3 29. Rfc1 Kg7 30. h4 Qb4 31. g3 h5 32. R1c2 Qe1+ 33. Kg2
Qe4+ 34. f3 Qe1 35. a6 Qa1 36. Rc6 Qa4 37. f4 Qe4+ 38. Kf2 Qd4+ 39. Kf3 Qd3+
40. Kg2 Qe4+ 41. Kh2 Qa4 42. R2c3 Qa2+ 43. Kg1 Qe2 44. Kh1 Qf1+ 45. Kh2 Qf2+
46. Kh1 1/2-1/2

[Event "15th Calvia Amateur Open"]
[Site "Calvia ESP"]
[Date "2018.10.08"]
[Round "3.49"]
[White "Gupta, Sara"]
[Black "Haugen, Ole Petter"]
[Result "1-0"]
[WhiteElo "1583"]
[BlackElo "1391"]
[PlyCount "57"]
[EventDate "2018.10.06"]
[EventType "swiss"]
[EventRounds "9"]
[EventCountry "ESP"]
[SourceTitle "The Week in Chess 1249"]
[Source "Mark Crowther"]
[SourceDate "2018.10.15"]
[SourceVersion "1"]
[SourceVersionDate "2018.10.15"]
[SourceQuality "2"]

1. e4 e5 2. Nf3 d5 3. exd5 Qxd5 4. Nc3 Qa5 5. Bc4 h6 6. O-O Bg4 7. Re1 Nd7 8.
h3 Bh5 9. d4 f6 10. dxe5 fxe5 11. Bd2 Bb4 12. a3 Bd6 13. b4 Qb6 14. Be3 c5 15.
bxc5 Nxc5 16. Na4 Qc7 17. Nxc5 Bxc5 18. Bxc5 Bxf3 19. Qxf3 O-O-O 20. Be6+ Kb8
21. Qe3 Nf6 22. Bxa7+ Ka8 23. Bb6 Qe7 24. Bxd8 Rxd8 25. Qxe5 Re8 26. Rad1 Qf8
27. Qa5+ Kb8 28. Rd4 Qe7 29. Qe5+ 1-0

[Event "RUS-ch blitz"]
[Site "Sochi"]
[Date "2018.10.07"]
[Round "19.21"]
[White "Demchenko, Anton"]
[Black "Chizhikov, Vladislav"]
[Result "1-0"]
[WhiteElo "2679"]
[BlackElo "2304"]
[PlyCount "79"]
[EventDate "2018.10.07"]
[EventType "swiss (blitz)"]
[EventRounds "20"]
[EventCountry "RUS"]
[SourceTitle "OM OTB B 201907"]
[Source "Opening Master"]
[SourceDate "2019.07.06"]
[SourceVersion "2"]
[SourceVersionDate "2019.07.06"]
[SourceQuality "1"]

1. e4 e5 2. Nf3 d5 3. Nxe5 Bd6 4. d4 dxe4 5. Nc4 Be7 6. Nc3 Nf6 7. Be2 O-O 8.
O-O Bf5 9. Bf4 Nc6 10. d5 Nb4 11. Ne3 Bg6 12. a3 Na6 13. b4 Nb8 14. Nb5 Na6 15.
c4 Nd7 16. d6 cxd6 17. Nxd6 Bf6 18. Ra2 Ne5 19. c5 Nd3 20. Bg3 Be5 21. Bxe5
Nxe5 22. Rd2 Nd3 23. f4 Qf6 24. Bxd3 exd3 25. f5 Qg5 26. Rxd3 Bh5 27. Qe1 b6
28. c6 Nc7 29. Qg3 Qxg3 30. hxg3 f6 31. g4 Bf7 32. Rfd1 a5 33. Nxf7 Rxf7 34.
Rd7 Re8 35. Rxf7 Kxf7 36. Nc4 Re2 37. Rd7+ Re7 38. Nd6+ Kf8 39. Rd8+ Ne8 40. c7
1-0

[Event "RUS-ch blitz"]
[Site "Sochi"]
[Date "2018.10.07"]
[Round "15.36"]
[White "Alexeev, Alexey"]
[Black "Chizhikov, Vladislav"]
[Result "1/2-1/2"]
[WhiteElo "2287"]
[BlackElo "2304"]
[PlyCount "87"]
[EventDate "2018.10.07"]
[EventType "swiss (blitz)"]
[EventRounds "20"]
[EventCountry "RUS"]
[SourceTitle "OM OTB B 201907"]
[Source "Opening Master"]
[SourceDate "2019.07.06"]
[SourceVersion "2"]
[SourceVersionDate "2019.07.06"]
[SourceQuality "1"]

1. e4 e5 2. Nf3 d5 3. Nxe5 Bd6 4. d4 dxe4 5. Bc4 Bxe5 6. dxe5 Qxd1+ 7. Kxd1 Nc6
8. Re1 Bg4+ 9. Be2 O-O-O+ 10. Nd2 Bf5 11. b3 Nge7 12. Bb2 Ng6 13. Kc1 Ngxe5 14.
Bb5 a6 15. Bxc6 Nxc6 16. Bxg7 Rhg8 17. Bf6 Rd6 18. Bh4 Rxg2 19. Bg3 Re6 20. Nc4
Bg6 21. Ne3 Rxg3 22. fxg3 Nd4 23. Kb2 Nf3 24. Re2 h5 25. Ng2 Nd4 26. Rd2 Nf3
27. Re2 Nd4 28. Re3 Rc6 29. c3 Nf3 30. Nf4 f5 31. Re2 Bf7 32. Rd1 h4 33. gxh4
Nxh4 34. Rg1 Rf6 35. Rg7 Nf3 36. Rh7 b5 37. h4 Ne5 38. h5 Ng4 39. Ng2 Nh6 40.
Nf4 Ng4 41. Kc2 Kb7 42. Ng2 Nh6 43. Nf4 Ng4 44. Ng2 1/2-1/2

[Event "RUS-ch blitz"]
[Site "Sochi"]
[Date "2018.10.07"]
[Round "4.11"]
[White "Demchenko, Anton"]
[Black "Mikhailovsky, Vladimir"]
[Result "1-0"]
[WhiteElo "2679"]
[BlackElo "2185"]
[PlyCount "51"]
[EventDate "2018.10.07"]
[EventType "swiss (blitz)"]
[EventRounds "20"]
[EventCountry "RUS"]
[SourceTitle "OM OTB B 201907"]
[Source "Opening Master"]
[SourceDate "2019.07.06"]
[SourceVersion "2"]
[SourceVersionDate "2019.07.06"]
[SourceQuality "1"]

1. e4 e5 2. Nf3 d5 3. Nxe5 Bd6 4. d4 dxe4 5. Nc4 Nf6 6. Nc3 O-O 7. Be2 Nc6 8.
Be3 Re8 9. O-O Ne7 10. Nxd6 Qxd6 11. Qd2 Ng6 12. Nb5 Qe7 13. c4 c6 14. Nc3 Bg4
15. Rfe1 Bxe2 16. Qxe2 Rad8 17. Rad1 Qe6 18. Bg5 Qf5 19. Bxf6 Nf4 20. Qe3 gxf6
21. Nxe4 Re6 22. f3 Kh8 23. g4 Rg8 24. Kh1 Rxe4 25. Qxe4 Qg5 26. Qf5 1-0

[Event "RUS-ch rapid"]
[Site "Sochi"]
[Date "2018.10.06"]
[Round "9.26"]
[White "Gabrielian, Artur"]
[Black "Mikhailovsky, Vladimir"]
[Result "1-0"]
[WhiteElo "2499"]
[BlackElo "2185"]
[PlyCount "113"]
[EventDate "2018.10.05"]
[EventType "swiss (rapid)"]
[EventRounds "11"]
[EventCountry "RUS"]
[SourceTitle "OM OTB B 201907"]
[Source "Opening Master"]
[SourceDate "2019.07.06"]
[SourceVersion "2"]
[SourceVersionDate "2019.07.06"]
[SourceQuality "1"]

1. e4 e5 2. Nf3 d5 3. Nxe5 Bd6 4. d4 dxe4 5. Nc4 Nf6 6. Nc3 O-O 7. Be2 Nc6 8.
Be3 Re8 9. Nxd6 Qxd6 10. O-O Ne7 11. Qd2 Ned5 12. Nb5 Qe7 13. c4 Nxe3 14. fxe3
c6 15. Nc3 Bg4 16. Bxg4 Nxg4 17. Rf4 Nf6 18. Raf1 Rad8 19. Qf2 h6 20. Rf5 Qe6
21. Qg3 Kh8 22. Qh4 Nh7 23. Rxf7 Qxc4 24. Rxb7 Rb8 25. Rxb8 Rxb8 26. Qxe4 Nf6
27. Qc2 Re8 28. Rf3 c5 29. Qg6 Qe6 30. dxc5 Rc8 31. Qf5 Qe8 32. h3 a5 33. e4
Rc6 34. Rd3 Re6 35. Rd8 Qxd8 36. Qxe6 Qd4+ 37. Kh2 Qf2 38. Qc8+ Ng8 39. Nd5 Qd4
40. Nc3 Qe5+ 41. Kh1 Qf4 42. Qf5 Qc1+ 43. Kh2 Qxb2 44. Nd5 Qc2 45. Nf4 Nf6 46.
Qc8+ Kh7 47. Qf5+ Kh8 48. Ng6+ Kh7 49. c6 h5 50. Ne7+ Kh8 51. e5 Qc5 52. exf6
Qd6+ 53. Kg1 Qd4+ 54. Qf2 Qd1+ 55. Kh2 Qd6+ 56. Qg3 Qxf6 57. c7 1-0

[Event "Belgrade-chTB Quality"]
[Site "Belgrade"]
[Date "2018.09.30"]
[Round "2.6"]
[White "Cica, Dusan"]
[Black "Savkic, Igor"]
[Result "1-0"]
[WhiteElo "2040"]
[BlackElo "2015"]
[PlyCount "131"]
[EventDate "2018.09.29"]
[EventType "team"]
[EventRounds "11"]
[EventCountry "SRB"]
[SourceTitle "OM OTB B 201907"]
[Source "Opening Master"]
[SourceDate "2019.07.06"]
[SourceVersion "2"]
[SourceVersionDate "2019.07.06"]
[SourceQuality "1"]
[WhiteTeam "Belgrade Visan"]
[BlackTeam "Belgrade BA"]
[WhiteTeamCountry "SRB"]
[BlackTeamCountry "SRB"]

1. e4 e5 2. Nf3 d5 3. exd5 e4 4. Qe2 Nf6 5. d3 Qxd5 6. Bg5 Bf5 7. Bxf6 gxf6 8.
Nbd2 e3 9. fxe3 Bg4 10. h3 Qh5 11. Ne4 Be7 12. Ng3 Qa5+ 13. Qd2 Bb4 14. c3 Bd6
15. Ne4 Bxf3 16. Nxd6+ cxd6 17. gxf3 Nc6 18. d4 O-O-O 19. Bd3 Rde8 20. Qf2 Nxd4
21. O-O-O Ne6 22. e4 Qxa2 23. Bb1 Qa6 24. Qh4 f5 25. exf5 Nc5 26. Rhe1 Nb3+ 27.
Kc2 Na1+ 28. Kc1 Re2 29. Rxe2 Qxe2 30. Qa4 Qe3+ 31. Rd2 Rg8 32. Bc2 Rg2 33.
Qc4+ Kb8 34. Qd5 Rxd2 35. Qxd2 Qg1+ 36. Qd1 Qe3+ 37. Kb1 Nxc2 38. Qxd6+ Kc8 39.
Qf8+ Kc7 40. Qxf7+ Kc6 41. Qc4+ Kd7 42. Kxc2 Qf2+ 43. Kb1 Qg1+ 44. Ka2 Qg7 45.
Qe6+ Kd8 46. f6 Qd7 47. Qg8+ Kc7 48. Qc4+ Kd8 49. h4 Qf5 50. Qd4+ Qd7 51. Kb3
Ke8 52. Qe4+ Kf8 53. Kc2 Qf7 54. Kd2 Qxf6 55. Qxb7 Qf4+ 56. Kd3 h5 57. Qe4 Qc1
58. Qf5+ Ke8 59. Qe6+ Kd8 60. Qg8+ Kc7 61. Qh7+ Kb6 62. Qg6+ Kb7 63. Qf7+ Kb6
64. Qe6+ Kb7 65. Qe7+ Kb6 66. Qe3+ 1-0

[Event "FICS rated blitz game"]
[Site "FICS freechess.org"]
[Date "2018.09.29"]
[Round "?"]
[White "Maurian(FM)"]
[Black "ProtectedB"]
[Result "1-0"]
[WhiteElo "1935"]
[BlackElo "1574"]
[PlyCount "43"]
[EventDate "2018.??.??"]
[EventType "blitz"]

1. e4 e5 2. Nf3 d5 3. d4 exd4 4. Qxd4 Nc6 5. Qxd5 Qxd5 6. exd5 Nb4 7. Bd3 Nxd5
8. O-O Ngf6 9. Re1+ Be7 10. Nbd2 Be6 11. Ng5 Nf4 12. Nxe6 Nxe6 13. Bc4 O-O-O
14. Nf3 Rhe8 15. Be3 Kb8 16. Rad1 Ng4 17. Bxe6 Nxe3 18. Rxd8+ Bxd8 19. Bb3 Bf6
20. Rxe3 Rxe3 21. fxe3 Bxb2 22. Ng5 {Black resigns} 1-0

[Event "Belgrade-chT Quality"]
[Site "Belgrade"]
[Date "2018.09.26"]
[Round "9.6"]
[White "Vlaisavljevic, Milan"]
[Black "Kovacevic, Radmila"]
[Result "0-1"]
[WhiteElo "1985"]
[BlackElo "2144"]
[PlyCount "41"]
[EventDate "2018.09.17"]
[EventType "team-tourn"]
[EventRounds "11"]
[EventCountry "SRB"]
[SourceTitle "OM OTB B 201907"]
[Source "Opening Master"]
[SourceDate "2019.07.06"]
[SourceVersion "2"]
[SourceVersionDate "2019.07.06"]
[SourceQuality "1"]
[WhiteTeam "Cukaricki"]
[BlackTeam "Crvena Zvezda"]
[WhiteTeamCountry "SRB"]
[BlackTeamCountry "SRB"]

1. e4 e5 2. Nf3 d5 3. d4 dxe4 4. Nxe5 Bd6 5. Nc4 Be7 6. Be2 Be6 7. O-O Nc6 8.
c3 Nf6 9. Bg5 Nd5 10. Bxe7 Qxe7 11. Nba3 Qg5 12. Qd2 Nf4 13. g3 Nh3+ 14. Kh1
Qg6 15. f4 h5 16. Ne3 f5 17. Ng2 h4 18. Nxh4 Qf6 19. Bc4 Bd7 20. Qe3 Na5 21.
Rad1 0-1